00275nam a2200121Ia 4500008004100000041000900041082001700050100001800067245001600085260003500101300000900136650000800145230718s9999 xx 000 0 und d aEng. a34602bFAR-L aFarani, Mr. M 0aLabour laws aPakistanbImran law bookc2003 a1051 aLaw